Statystyki dla Quiz o Kanadzie

Kliknij tutaj aby rozwiązać quiz!

Ogólne statystyki

  • Ten quiz został rozwiązany 132 razy
  • Średni wynik to 7 z 21

Statystyki odpowiedzi

WskazówkaOdpowiedź% Poprawnych
StolicaOttawa
99%
Najbardziej zaludnione miastoToronto
93%
Obiekt na fladze kanadyjskiej{Liść} klonu
86%
Prowincja francuskojęzycznaQuebec
74%
Najbardziej zaludnione miasto nie wliczając powyższychMontreal
54%
Najpopularniejszy sport dla widzówHokej na lodzie
53%
Kto jest oficjalnie głową państwa Kanady?Królowa Elżbieta II
49%
Najbardziej zaludniona prowincjaOntario
45%
Premier wybrany w 2015 r.Justin Trudeau
28%
Święto obchodzono drugi
poniedziałek w październiku
święto Dziękczynienia
23%
Narodowe zwierzęBóbr
22%
Najmniejsza prowincjaWyspa Księcia Edwarda
20%
Państwo będące największym źródłem rezydentów urodzonych za granicąChiny
18%
Hymn narodowyO Canada
16%
Kanadyjski przysmak frytek, sosu i twarogu serowegoPoutine
15%
Miasto-gospodarz corocznego "Stampede"Calgary
14%
Najstarszy park narodowyBanff
7%
Najwyższa wolostojąca konstrukcjaWieża CN
7%
Największa wyspaWyspa Baffina
5%
Osada wikingów założona założona
około 1000 AD
Ziemia{Vin}
5%
Ptak pojawiający się na kanadyjskiej monecie jednodolarowejWynagrodzenie
4%

Rozkład punktacji

Percentyl według liczby udzielonych odpowiedzi

Procent ludzi z każdym wynikiem

Twoja historia wyników

Nie rozwiązałeś tego quizu